书目信息 |
| 题名: |
单片机初级教程
|
|
| 作者: | 张迎新 编著 | |
| 分册: | ||
| 出版信息: | 北京 北京航空航天大学出版社 2006.08 |
|
| 页数: | 321页 | |
| 开本: | 23cm | |
| 丛书名: | 单片机系列教程 | |
| 单 册: | ||
| 中图分类: | TP368.1 | |
| 科图分类: | ||
| 主题词: | 单片微型计算机--dan pian wei xing ji suan ji--高等学校--教材 | |
| 电子资源: | ||
| ISBN: | 7-81077-841-2 | |
| 000 | 01066nam 2200289 450 | |
| 001 | 012006594171 | |
| 005 | 20061219094005.23 | |
| 010 | @a7-81077-841-2@dCNY26.00 | |
| 100 | @a20061121d2006 km y0chiy0120 ea | |
| 101 | 0 | @achi |
| 102 | @aCN@b110000 | |
| 105 | @aa a 000yy | |
| 200 | 1 | @a单片机初级教程@Adan pian ji chu ji jiao cheng@e单片机基础@f张迎新等编著@Fzhang ying xin deng bian zhu |
| 205 | @a第2版 | |
| 210 | @a北京@c北京航空航天大学出版社@d2006.08 | |
| 215 | @a321页@c图@d23cm | |
| 225 | 2 | @a单片机系列教程@Adan pian ji xi lie jiao cheng@f主编何立民 |
| 300 | @a高等院校通用教材 | |
| 320 | @a有书目 | |
| 330 | @a本书系统地介绍了单片机的硬件结构、工作原理、指令系统、汇编语言程序设计、接口技术、中断系统及单片机应用等内容。 | |
| 410 | 0 | @12001 @a单片机系列教程@1701 0@a何立民@Ahe li min@4主编 |
| 517 | 1 | @a单片机基础@Adan pian ji ji chu |
| 606 | 0 | @a单片微型计算机@Adan pian wei xing ji suan ji@x高等学校@j教材 |
| 690 | @aTP368.1@v4 | |
| 701 | 0 | @a张迎新@Azhang ying xin@4编著 |
| 801 | 0 | @aCN@c20061219 |
| 905 | @a10447@dTP368.1@eZ237 | |
| 单片机初级教程:单片机基础/张迎新等编著.-第2版.-北京:北京航空航天大学出版社,2006.08 |
| 321页:图;23cm.-(单片机系列教程/主编何立民) |
| 高等院校通用教材 |
| ISBN 7-81077-841-2:CNY26.00 |
| 本书系统地介绍了单片机的硬件结构、工作原理、指令系统、汇编语言程序设计、接口技术、中断系统及单片机应用等内容。 |
| ● |
| 相关链接 |
|
|
|
正题名:单片机初级教程
索取号:TP368.1/Z237
 
预约/预借
| 序号 | 登录号 | 条形码 | 馆藏地/架位号 | 状态 | 备注 |
| 1 | 228664 | 202286640 | 自科库301/301自科库 63排5列2层/ [索取号:TP368.1/Z237] | 在馆 | |
| 2 | 228665 | 202286659 | 自科库301/301自科库 63排5列2层/ [索取号:TP368.1/Z237] | 在馆 |